| 000 | 00736nam a2200229 a 4500 | ||
|---|---|---|---|
| 005 | 20170619150139.0 | ||
| 008 | 050804s2002 txu 001 0 eng d | ||
| 020 | _a1-55671-131-X | ||
| 100 | 1 | _aMontag, Richard. | |
| 245 | 1 | 2 | _aA tale of Pudicho's people : Cashinahua accounts of European contact. |
| 260 |
_aDallas : _bSIL International, _c2002. |
||
| 300 | _a170 p. ; map | ||
| 440 | 0 | _aPublications in Ethnology series ; 38 | |
| 650 | 0 | _aCashinaua Indians | |
| 650 | 0 | _aPanoan Indians | |
| 650 | 0 |
_aSocial Change _xBrazil |
|
| 650 | 0 |
_aSocial Change _xPeru |
|
| 650 | 0 | _aBrazil emigration and immigration | |
| 650 | 0 | _aPeru emigration and immigration | |
| 942 |
_h306.08998 _iM758t |
||
| 999 |
_c63675 _d63649 |
||